| 000 | 00880nmc a2200337 a 4500 | ||
|---|---|---|---|
| 003 | AR-BaBNM | ||
| 005 | 20251128211439.0 | ||
| 008 | 124020s2004 ||||||||||||||000 | spa|| | ||
| 020 | _a84-7112-488-2 | ||
| 040 | _cAR-BaBNM | ||
| 100 | 1 | _aDewey, John | |
| 245 | 1 | 0 | _aLa opinión pública y sus problemas |
| 250 | _a1ª ed. | ||
| 260 |
_aMadrid _bEdiciones Morata _c2004 |
||
| 300 | 0 | _a187 p. | |
| 490 | 0 | _aRaíces de la memoria | |
| 650 | 4 | _aDEMOCRATIZACION DE LA CULTURA | |
| 650 | 4 | _aCOMUNICACION | |
| 650 | 4 | _aIGUALDAD | |
| 650 | 4 | _aOPINION PUBLICA | |
| 650 | 4 | _aLIBERTAD DE PENSAMIENTO | |
| 650 | 4 | _aTEOCRACIA | |
| 650 | 4 | _aSOCIOLOGIA | |
| 650 | 4 | _aOPINION PUBLICA | |
| 650 | 4 | _aSOCIOLOGIA CULTURAL | |
| 650 | 4 | _aSOCIOLOGIA POLITICA | |
| 653 | 0 | _aUTILITARISMO | |
| 700 | 1 |
_aCastillo, Ramón del _epresentación |
|
| 942 | _cBK | ||
| 998 | _cMariana | ||
| 999 |
_c19735 _d19735 |
||